Una Històrica institució municipal de caràcter econòmic: la Taula de Canvi i comuns dipòsits de la ciutat de Girona : contribució a l'estudi de la història del dret municipal i de l'economia catalana / per Lluís Marqués i Carbó la Taula de Canvi i comuns dipòsits de la ciutat de Girona :
Descripción Física:
117 p., [3] f. ; 22 cm
MARC
| LEADER | 00000nam a2200000Ia 4500 | ||
|---|---|---|---|
| 001 | 813 | ||
| 008 | 160829s1935 xx 000 0 cat d | ||
| 080 | |a M-3-282 | ||
| 100 | |a Marqués Carbó, Luis |9 24231 | ||
| 245 | |a Una Històrica institució municipal de caràcter econòmic: |b la Taula de Canvi i comuns dipòsits de la ciutat de Girona : |b contribució a l'estudi de la història del dret municipal i de l'economia catalana / per Lluís Marqués i Carbó | ||
| 260 | |a Barcelona : |b (Imp. S. Rosàs), |c 1935 | ||
| 300 | |a 117 p., [3] f. ; |c 22 cm | ||
| 650 | |a Taula de Canvi de Girona |x Història |9 31850 | ||
| 650 | |a Dret municipal |x Catalunya |x Història |9 31851 | ||
| 901 | |a Arxiu | ||
| 942 | |n 1 | ||
| 952 | |0 0 |1 0 |4 0 |6 M3282 |7 1 |9 45776 |a Arxiu |b Arxiu |d 2016-12-01 |l 0 |o M-3-282 |p 813 |r 2016-12-01 00:00:00 |w 2016-12-01 |y ARXIU | ||
| 999 | |c 49276 |d 49276 | ||